000 00318nam a22001337a 4500
008 180906b xxu||||| |||| 00| 0 eng d
020 _a1567931820
041 _aeng
080 _a616
100 _a3
101 _aSHM
245 _aWorld Health Systems Challenges And Perspectives
_cFtied.B.J
942 _2udc
_cBK
999 _c47585
_d47585